000 00489nam a2200193 i 4500
001 bgj
100 1 _aBELLOW, Saul
_d(1915-2005)
245 1 0 _aHenderson the rain king /
_ca novel by Saul Bellow.
260 _aNew York :
_bViking Press,
_cc. 1959.
300 _a309 pp ;
_c22 cm.
650 9 _aAmericans
_zAfrica
650 9 _aHumorous stories
650 9 _aFable
651 9 _aAfrica
040 _cBPK
041 0 _aeng
942 _cKS
008 s uk f |000 0 eng
999 _c48682
_d48682
856 _uhttp://koha.tu.koszalin.pl/cgi-bin/koha/opac-detail.pl?biblionumber=48682
_yKatalog online BPK